000 00311nam a2200133Ia 4500
008 221030s9999 xx 000 0 und d
041 _aEnglish
082 _a105.23
100 _aD. K. Bhattacharya
245 0 _aHuman Resource Management
_cby D. K. Bhattacharya
260 _c0
650 _aMb
942 _cBK
999 _c11138
_d11138